00541nam a22002057a 4500003000500000005001700005008004100022010001000063011001000073035001000083040000900093082001800102100002400120245005300144260003500197300001100232490003100243650003000274830003100304CHAP20220817042139.0971013s1967 r 00010 d a36041 a37013 a41132 cCHAP a621.3815bL6Y00aLowenberg, Edwin C. aTeoría y problemas de circuitos electrónicos aMéxico :bMcGraw-Hill,c1967 a276 p. aSerie de Compendios Schaum14aCircuitos electrónicos.0 aSerie de Compendios Schaum